000 00492nam a2200169Ia 4500
008 240729s9999 xx 000 0 und d
022 _a2356-0991
245 0 _aIndonesian Journal of Tropical and Infectious Disease
260 _aIndonesia
260 _bUniversitas Airlangga
650 _a Infectious and parasitic diseases
650 _a Internal medicine
650 _aMedicine
856 _uhttps://doaj.org/toc/bb069aa43c37446fb909b467570283b6
942 _2ddc
942 _cDOAJEJ
999 _c69821
_d69821
945 _a1
_bMadushi Gamage
_c1
_dMadushi Gamage